000 00580nam a2200181 a 4500
001 000046036
005 20201002052609.0
008 150612s2007 dr 000 0 spa d
020 _a9789945851847
040 _aDO-SdBNP
_bspa
_cBNPHU
082 _axxxx
_bxxxx
100 1 _aBadino, Alberto,
_d1956-
_974112
245 1 3 _aEl espectador /
_cAlberto Badino.
260 _aSanto Domingo :
_bCasa de Teatro
_bTaller,
_c2007.
300 _a109 p. ;
_c21 cm.
500 _aIncluye datos biográficos del autor en la solapa de la cubierta.
586 _aPremio internacional de novela 2007
999 _c45525
_d45525